| 000 | 00735nam a22002297a 4500 | ||
|---|---|---|---|
| 008 | 100927t2010 xxu||||| |||| 00| 0 eng d | ||
| 020 | _a1856177696 | ||
| 020 | _a9781856177696 | ||
| 082 |
_222 _a620.11 _bHIG |
||
| 100 | 1 |
_aHiggins, Raymond A. _919929 |
|
| 245 |
_aMaterials for Engineers and Technicians / _cRaymond A. Higgins; revised by W. Bolton. |
||
| 250 | _a5th ed. | ||
| 260 |
_aAmsterdam ; _aLondon : _bElsevier, 2010 _cc2010. |
||
| 300 |
_axiii, 405 p. : _bill.; _c27 cm. |
||
| 500 | _aIncludes index. | ||
| 541 | _aBacca ; | ||
| 650 | 0 |
_91255 _aMaterials science. |
|
| 650 | 0 |
_912751 _aMaterials. |
|
| 653 |
_bGen _cOctober2011 |
||
| 700 | 1 |
_aBolton, W. _d1933- _erevisor _919930 |
|
| 942 |
_2ddc _cBB |
||
| 999 |
_c14716 _d14716 |
||